00489nam a2200205Ia 4500008004100000050001500041050001400056100002100070245001200091245002000103260001500123260001800138260000900156300001600165300002600181300001100207440001900218500002000237650002600257161112s9999 xx 000 0 und d aCUL TP 548 b.F58 1973 aFluchere, Henri. 0aWines / 0cHenri Fluchere. aNew York : bGolden Press, c1973 a160 pages : bcolor illustrations ; c15 cm. aA golden guide aIncludes index. aWine and wine making.